Mitigating flood losses in the active floodplains of Bangladesh (Record no. 40463)

000 -LEADER
fixed length control field 01426pab a2200169 454500
008 - FIXED-LENGTH DATA ELEMENTS--GENERAL INFORMATION
fixed length control field 180718b1998 xxu||||| |||| 00| 0 eng d
100 ## - MAIN ENTRY--PERSONAL NAME
Personal name Thompson, Paul
245 ## - TITLE STATEMENT
Title Mitigating flood losses in the active floodplains of Bangladesh
260 ## - PUBLICATION, DISTRIBUTION, ETC.
Date of publication, distribution, etc. 1998
300 ## - PHYSICAL DESCRIPTION
Extent p.113-23
520 ## - SUMMARY, ETC.
Summary, etc. The inhabitants of the active floodplain of Bangladesh's main rivers receive little government support to help them cope with floods and have developed their own strategies. Major flood projection works are not possible in these areas where floods and erosion annually affect many vulnerable people. Surveys of the impact of severe floods found that total losses and the dislocation to their lives is substantial. These loss data were used to assess the financial viability of small scale flood-proofing measures, such as house raising and flood shelters, which are the preferences of these people. Such measures give better rates of return than embankment projects in mainland areas, provided that the location is not affected by erosion for four to eight years. A combination of resources, technical assistance and local hazard assessment is needed, and a government commitment to improve the living conditions of the inhabitants of the active floodplains. - Reproduced
650 ## - SUBJECT ADDED ENTRY--TOPICAL TERM
Topical term or geographic name entry element Floods
650 ## - SUBJECT ADDED ENTRY--TOPICAL TERM
Topical term or geographic name entry element Bangladesh
700 ## - ADDED ENTRY--PERSONAL NAME
Personal name Tod, Ian
773 ## - HOST ITEM ENTRY
Main entry heading Disaster Prevention and Management: an International Journal
909 ## -
-- 40463
Holdings
Withdrawn status Lost status Damaged status Not for loan Permanent Location Current Location Date acquired Serial Enumeration / chronology Barcode Date last seen Price effective from Koha item type
        Indian Institute of Public Administration Indian Institute of Public Administration 2018-07-19 Volume no: 7, Issue no: 2 AR40838 2018-07-19 2018-07-19 Articles

Powered by Koha